• 首页
  • 本馆介绍
  • 公告通知
  • 最新文献
  • 馆藏检索
  • 电子资源
  • 读者导购
  • 参考咨询
  • 我的图书馆
  • 登录
  • 详细信息显示
  • 放入我的书架
  • 预约/预借图书
  • 作者相关作品
  • 分类相关作品
  • 丛书相关作品
  • 出版社相关作品

书目信息

  • 表格格式
  • 工作单格式
  • 卡片格式
题名:
饲料添加剂指南
    
 
作者: 丁角立
分册:  
出版信息: 北京   北京农业大学出版社  1996.07
页数: 143页
开本: 19cm
丛书名:
单 册:
中图分类: S816.7
科图分类:
主题词: 畜牧学
电子资源:
ISBN: 7-81002-687-9
000 00525nam0 2200193 45
001 0308271051
005 20030827105621.1
010    @a7-81002-687-9@dRMB6.00
100    @a20030827d1996 km y0chiy0120 ea
101    @achi
105    @a z 000yy
200 1  @a饲料添加剂指南@Asi liao tian jia ji zhi nan@f丁角立@Fding jiao li
210    @a北京@c北京农业大学出版社@d1996.07
215    @a143页@c无图表@d19cm
606 0  @a畜牧学
690    @aS816.7@v3
701  0 @a丁角立
801    @aCN@b@c20030827
905    @aBZT@dS816.7@e96
    
    饲料添加剂指南/丁角立.-北京:北京农业大学出版社,1996.07
    143页:无图表;19cm
    
    
    ISBN 7-81002-687-9:RMB6.00
    
●
相关链接 在五车中查询图书 在当当中查询图书 在豆瓣中查询图书


正题名:饲料添加剂指南     索取号:S816.7/96         预约/预借

序号 登录号 条形码 馆藏地/架位号 状态 备注
1 82825   200105563   中心书库中库/ 中库031架B面5列4层56/ [索取号:S816.7/96] 在馆    
2 82826   200105554   中心书库中库/ 中库031架B面5列4层58/ [索取号:S816.7/96] 在馆    
3 82828   200105616   中心书库中库/ 中库031架B面5列4层57/ [索取号:S816.7/96] 在馆    
4 82829   200105572   中心书库中库/ 中库031架B面5列4层59/ [索取号:S816.7/96] 在馆    
5 82830   200105581   中心书库中库/ 中库031架B面5列4层19/ [索取号:S816.7/96] 在馆    
6 82831   200105590   中心书库中库/ 中库031架B面5列4层20/ [索取号:S816.7/96] 在馆    
7 82832   200105625   中心书库中库/ 中库031架B面5列4层17/ [索取号:S816.7/96] 在馆    
8 82834   200105545   中心书库中库/ 中库031架B面5列4层18/ [索取号:S816.7/96] 在馆    
山东省滨州职业学院图书馆 欢迎您!
大连网信软件有限公司© 版权所有